Plats du Québec - Mort Subite - Statistiques

Statistiques générales
  • Ce quiz a été pris 313 fois
  • Le résultat moyen est 5 sur 16
Answers on the Grid
Answers color-coded by a green-red scale on the quiz's grid according to % correct below.
Pâté chinois
Tire d'érable
Consommé
Peameal bacon
Quiaude
Griot
Fromage Oka
Smoked meat de Montréal
Oreilles de crisse
Steamé / Toasté
Quiche
Pouding chômeur
Pets de soeur
Poutine râpée
Raclette
Pépères au sirop d'érable
Moules-frites
Croque-monsieur
Pot-en-pot
Fricot
Bœuf bourguignon
Tourtière du Lac-Saint-Jean
Soupe aux gourganes
Cassoulet
Cipaille
Soupe à l'oignon gratinée
Poutine
Ragoût de boulettes
 
Statistiques - réponses
Réponse % Correct
Poutine
65%
Tire d'érable
50%
Pouding chômeur
49%
Pâté chinois
47%
Tourtière du Lac-Saint-Jean
42%
Smoked meat de Montréal
41%
Pets de soeur
38%
Oreilles de crisse
35%
Pépères au sirop d'érable
33%
Fromage Oka
31%
Ragoût de boulettes
29%
Steamé / Toasté
26%
Soupe aux gourganes
25%
Cipaille
16%
Pot-en-pot
11%
Quiaude
7%
Aucun quiz correspondant
Distribution des résultats
% des personnes avec chaque résultat
Percentile par nombre de réponses
Votre historique - résultats
Vous n’avez pas pris ce quiz